Preparation of quality sheets from ammonia preserved field latex (Record no. 65613)

MARC details
000 -LEADER
fixed length control field 00466nam a2200169Ia 4500
100 ## - MAIN ENTRY--AUTHOR NAME
Personal name Joseph J
245 #0 - TITLE STATEMENT
Title Preparation of quality sheets from ammonia preserved field latex
260 ## - PUBLICATION, DISTRIBUTION, ETC. (IMPRINT)
Name of publisher Rubber Science
Year of publication 2020
300 ## - PHYSICAL DESCRIPTION
Number of Pages 221-227
650 ## - SUBJECT ADDED ENTRY--TOPICAL TERM
Topical Term Natural rubber latex
650 ## - SUBJECT ADDED ENTRY--TOPICAL TERM
Topical Term Plasticity retention index
650 ## - SUBJECT ADDED ENTRY--TOPICAL TERM
Topical Term Ribbed smoked sheets
650 ## - SUBJECT ADDED ENTRY--TOPICAL TERM
Topical Term Stored latex
700 ## - ADDED ENTRY--PERSONAL NAME
Personal name Jacob M.K
942 ## - ADDED ENTRY ELEMENTS (KOHA)
Koha item type Journals
Holdings
Withdrawn status Lost status Damaged status Not for loan Home library Current library Shelving location Date acquired Serial Enumeration / chronology Koha item type
      Journals RRII Library RRII Library Rubber technology 17/12/2021 Volume 33, Issue 2 Journals